000 00586nam a22001817a 4500
005 20251108165203.0
008 250721s1994 xx 000 0 ara d
082 1 4 _a956/شلب
100 1 _aشلبي، أحمد
245 1 0 _aبحوث في الحضارة الإسلامية :
_bالحضارة الإسلامية ما هي /
264 1 _aالقاهرة :
_bمكتبة الشباب،
_c1994.
300 _a178ص
490 0 _aدراسات إسلامية ؛1
650 1 7 _aتاريخ العرب
650 1 7 _aالحضارة الإسلامية
942 _2ddc
_cBK
999 _c21626
_d21626